Inside windows 2003 server / (Record no. 179904)
[ view plain ]
| 000 -LEADER | |
|---|---|
| fixed length control field | 01448 a2200181 4500 |
| 003 - CONTROL NUMBER IDENTIFIER | |
| control field | Nust |
| 005 - DATE AND TIME OF LATEST TRANSACTION | |
| control field | 20221012135051.0 |
| 010 ## - LIBRARY OF CONGRESS CONTROL NUMBER | |
| LC control number | 2001090358 |
| 020 ## - INTERNATIONAL STANDARD BOOK NUMBER | |
| International Standard Book Number | 8129701855 |
| 040 ## - CATALOGING SOURCE | |
| Transcribing agency | Nust |
| 082 ## - DEWEY DECIMAL CLASSIFICATION NUMBER | |
| Classification number | 005.4469,BOS |
| 100 1# - MAIN ENTRY--PERSONAL NAME | |
| Personal name | Boswell, William, |
| 9 (RLIN) | 100024 |
| 245 10 - TITLE STATEMENT | |
| Title | Inside windows 2003 server / |
| Statement of responsibility, etc. | William Boswell ; [edited by] Stephanie Wall, Gina Brown, Jeff Riley. |
| 260 ## - PUBLICATION, DISTRIBUTION, ETC. | |
| Place of publication, distribution, etc. | Indianapolis, IN : |
| Name of publisher, distributor, etc. | New Riders Publishing, |
| Date of publication, distribution, etc. | 2003. |
| 300 ## - PHYSICAL DESCRIPTION | |
| Extent | xxi,1344 p.: |
| Dimensions | cm. |
| 505 ## - FORMATTED CONTENTS NOTE | |
| Formatted contents note | Installing and Configuring Windows Server 2003 (Page-1), Performing Upgrade and Automated (Page-73), Adding Hardware (Page-123), Managing NetBIOS Name Resolution (Page-173), Managing DNS (Page-219), Understanding Active Directory Services (Page-281), Managing Active Directory Replication (Page-357), Designing Windows Server Domain (Page-419), Deploying Windows Server Domain (Page-459), Active Directory Maintenance (Page-519), Understanding Network Access Security and Kerberos (Page-553), Managing Group Policies (Page-655), Managing Active Directory Security (Page-721), Configuring Data Storage (Page-753), Managing File Systems (Page-801), Managing Shared Resources (Page-875), Managing File Encryption (Page-967), Managing a Public Key Infrastructure (Page-1009), Managing the User Operating Environment (Page-1059), Managing Remote Access and Internet Routing (Page-1117), Recovering from System Failures (Page-1221). |
| 942 ## - ADDED ENTRY ELEMENTS (KOHA) | |
| Source of classification or shelving scheme | |
| Koha item type | Book |
| Call number prefix | 005.4469,BOS |
| Withdrawn status | Lost status | Source of classification or shelving scheme | Damaged status | Not for loan | Permanent Location | Current Location | Shelving location | Date acquired | Full call number | Barcode | Date last seen | Price effective from | Koha item type | Public note |
|---|---|---|---|---|---|---|---|---|---|---|---|---|---|---|
| Military College of Signals (MCS) | Military College of Signals (MCS) | General Stacks | 12/12/2016 | 005.4469,BOS | MCS30379 | 12/08/2016 | 12/12/2016 | Book | Almirah No.6, Shelf No.4 |
